Statistics : (Record no. 1585)
[ view plain ]
| 000 -LEADER | |
|---|---|
| fixed length control field | 00557nam a22002057a 4500 |
| 001 - CONTROL NUMBER | |
| control field | BD-DhSAU 1585 |
| 003 - CONTROL NUMBER IDENTIFIER | |
| control field | BD-DhSAU |
| 005 - DATE AND TIME OF LATEST TRANSACTION | |
| control field | 20150118125105.0 |
| 008 - FIXED-LENGTH DATA ELEMENTS--GENERAL INFORMATION | |
| fixed length control field | 150118b1986 ii a|||| |||| 00| 0 eng d |
| 040 ## - CATALOGING SOURCE | |
| Original cataloging agency | BD-DhSAU |
| 082 ## - DEWEY DECIMAL CLASSIFICATION NUMBER | |
| Edition number | 22 |
| Classification number | 310 |
| Item number | SHS |
| 100 ## - MAIN ENTRY--PERSONAL NAME | |
| Personal name | Shukla, M.C. |
| 245 ## - TITLE STATEMENT | |
| Title | Statistics : |
| Remainder of title | Theory and practice / |
| Statement of responsibility, etc. | M.C. Shukla nd S.S. Gulshan |
| 250 ## - EDITION STATEMENT | |
| Edition statement | 5th ed. |
| 260 ## - PUBLICATION, DISTRIBUTION, ETC. (IMPRINT) | |
| Place of publication, distribution, etc. | New delhi : |
| Name of publisher, distributor, etc. | S. Chand company ltd. ; |
| Date of publication, distribution, etc. | c1986. |
| 300 ## - PHYSICAL DESCRIPTION | |
| Extent | vii, 859 p.: |
| Other physical details | ill. ; |
| Dimensions | 22 cm. |
| 590 ## - Name of Cataloguer | |
| Name of Cataloger | IMRAN |
| 650 ## - SUBJECT ADDED ENTRY--TOPICAL TERM | |
| Topical term or geographic name as entry element | Statistics |
| 700 ## - ADDED ENTRY--PERSONAL NAME | |
| Personal name | Gulshan, S.S. |
| 942 ## - ADDED ENTRY ELEMENTS (KOHA) | |
| Source of classification or shelving scheme | Dewey Decimal Classification |
| Koha item type | Book |
| Withdrawn status | Lost status | Source of classification or shelving scheme | Damaged status | Not for loan | Home library | Branch Name | Shelving location | Date acquired | Total Checkouts | Full call number | Barcode | Date last seen | Price effective from | Koha item type | Date checked out |
|---|---|---|---|---|---|---|---|---|---|---|---|---|---|---|---|
| Dewey Decimal Classification | SAU Library | SAU Library | General Stacks | 29/06/1988 | 310 SHS | 11410 | 18/01/2015 | 18/01/2015 | Book | ||||||
| Dewey Decimal Classification | SAU Library | SAU Library | General Stacks | 29/06/1988 | 310 SHS | 11411 | 18/01/2015 | 18/01/2015 | Book | ||||||
| Dewey Decimal Classification | SAU Library | SAU Library | General Stacks | 31/05/1983 | 310 SHS | 8720 | 18/01/2015 | 18/01/2015 | Book | ||||||
| Dewey Decimal Classification | SAU Library | SAU Library | General Stacks | 31/05/1983 | 310 SHS | 8721 | 18/01/2015 | 18/01/2015 | Book | ||||||
| Dewey Decimal Classification | SAU Library | SAU Library | General Stacks | 31/05/1983 | 1 | 310 SHS | 8718 | 18/11/2024 | 18/01/2015 | Book | 21/10/2024 |
